000 00985naa a2200289 c 4500
001 34248
003 ES-MaCES
005 20150925133839.0
008 040922n2004 xxk t 000 | eng d
035 _aCES20040005241v
040 _aES-MaCES
_bspa
_cES-MaCES
100 1 _aSlade, Margaret E.
_924142
245 1 0 _aMarket power and joint dominance in U.K. brewing
_cMargaret E. Slade
500 _aResumen
504 _aBibliografía: p. 160-161
650 4 _amodelo econométrico
_929368
650 4 _aReino Unido
_926967
650 4 _aindustria de bebidas
_927686
650 4 _afusión de empresas
_928182
650 4 _aeconomía industrial
_927619
653 1 0 _aSistemas económicos
650 4 _927897
_acompetencia
773 0 _tThe journal of industrial economics
_gvol. 52, no. 1 (Mar. 2004){10172 R. 056445}; p. 133-163
_w(ES-MaCES)25189
_940845
902 _aART Artículo de revista
942 _2CES
_cAR
_h0.0.
999 _c34248
_d34248